000 00406nam a2200145Ia 4500
008 100122s9999 xx 000 0 und d
082 _b37915
_a823.08
100 _aनरवणे सुधा
245 _aइंद्रधनु
260 _bसन पब्लिकेशन
_c1905
300 _a162
630 _aइंद्रधनु
730 _aइंद्रधनु
942 _cBOOK
999 _c420259
_d420256